000
00254 a2200109 4500
090
_c
3806
_d
3806
100
_a
Sandra E. Eddy
245
_a
XML Programming Reference
250
_a
2nd Ed
260
_a
IDG Book
_b
India
_c
2001
942
_a
NBS
_c
BK
_k
005.13 EDD
999
_c
346270
_d
346270